Topics in C programming
Сохранить в:
| Главные авторы: | , |
|---|---|
| Формат: | |
| Язык: | английский |
| Опубликовано: |
Nueva York
John Wiley
1991
|
| Предметы: | |
| Метки: |
Добавить метку
Нет меток, Требуется 1-ая метка записи!
|
MARC
| LEADER | 00000nam a2200000 a 4500 | ||
|---|---|---|---|
| 001 | UCU1300 | ||
| 003 | CL-VaPUC | ||
| 008 | 960404e19910000US |||||||||||||||||eng|d | ||
| 082 | 0 | 4 | |a 005.36 |b KOC |2 21 |
| 100 | 0 | |a Kochan, Stephen G |e author |9 356929 | |
| 700 | 0 | |a Wood, Patrick H |e author |9 356930 | |
| 245 | 1 | 0 | |a Topics in C programming |
| 300 | |a 516 p | ||
| 942 | |c BK | ||
| 945 | |d 19960404 00:00:00 |a rbrito | ||
| 260 | |a Nueva York |b John Wiley |c 1991 | ||
| 600 | 0 | 7 | |a UNIX |2 CL-VaPUC |9 344399 |
| 600 | 0 | 7 | |a WINDOWS |2 CL-VaPUC |9 342412 |
| 650 | 7 | |a PROGRAMACION DE COMPUTADORA |2 CL-VaPUC |9 356931 | |
| 650 | 7 | |a LENGUAJES DE COMPUTACION |2 CL-VaPUC |9 345215 | |
| 650 | 0 | |a Programas de computación |9 334383 | |
| 583 | |a last modification |c 19960404 00:00:00 |k Rodrigo Vera | ||
| 999 | |c 245965 |d 245963 | ||
| 952 | |0 0 |1 0 |4 0 |6 005_360000000000000_KOC_1991 |7 0 |8 A |9 260629 |a BIBING |b BIBING |d 2019-11-19 |i 3190609 |o 005.36 KOC 1991 |p 3190609 |r 2025-01-20 |w 2019-11-19 |y BK |k CCI | ||